Foods by Country of Origin - Statistics

General Stats
  • This quiz has been taken 188 times
  • The average score is 7 of 11
Answer Stats
Hint Answer % Correct
Burrito Mexico
97%
Pizza Italy
95%
Dumpling China
93%
French Fry Belgium
77%
Pancake Greece
65%
Empanadas Argentina
57%
Peanut Butter Canada
52%
Yogurt Turkey
46%
Corned Beef Ireland
43%
Bread Egypt
41%
Coffee Ethiopia
40%
No matching quizzes found
Score Distribution
Percent of People with Each Score
Percentile by Number Answered
Your Score History
You have not taken this quiz